[Event "TCh-RUS Blitz 2015"]
[Site "Sochi RUS"]
[Date "2015.05.10"]
[Round "7.14"]
[White "Frolyanov, Dmitry"]
[Black "Riazantsev, Alexander"]
[Result "0-1"]
[WhiteTitle "GM"]
[BlackTitle "GM"]
[WhiteElo "2569"]
[BlackElo "2671"]
[WhiteTeam "Lada (Samara region)"]
[BlackTeam "Malachite (Sverdlovsk region)"]
[WhiteFideId "4151976"]
[BlackFideId "4125029"]
[EventDate "2015.05.10"]

1. e4 c6 2. d4 d5 3. e5 Bf5 4. Nf3 e6 5. Be2 Bg6 6. O-O Ne7 7. Nbd2 c5 8. dxc5
Nec6 9. Nb3 Nd7 10. Bf4 Nxc5 11. Nxc5 Bxc5 12. c3 O-O 13. Bg3 a6 14. Bd3 Bh5 15.
Be2 b5 16. Re1 Qb6 17. Qd2 Rac8 18. Rad1 Be7 19. Nd4 Bxe2 20. Qxe2 Nxd4 21. Rxd4
b4 22. Qd2 bxc3 23. bxc3 Rc6 24. Bh4 Bxh4 25. Rxh4 Rfc8 26. Qd3 h6 27. Rh3 Qb2
28. Rb1 Rxc3 29. Rxb2 Rxd3 30. Rb1 0-1

[Event "TCh-RUS Blitz 2015"]
[Site "Sochi RUS"]
[Date "2015.05.10"]
[Round "7.15"]
[White "Lysyj, Igor"]
[Black "Predke, Alexandr"]
[Result "1-0"]
[WhiteTitle "GM"]
[WhiteElo "2677"]
[BlackElo "2533"]
[WhiteTeam "Malachite (Sverdlovsk region)"]
[BlackTeam "Lada (Samara region)"]
[WhiteFideId "4150120"]
[BlackFideId "24107581"]
[EventDate "2015.05.10"]

1. d4 Nf6 2. c4 e6 3. Nf3 d5 4. Nc3 Bb4 5. cxd5 exd5 6. Qa4+ Nc6 7. Bg5 h6 8.
Bxf6 Qxf6 9. e3 O-O 10. Be2 Be6 11. a3 Bd6 12. Nb5 Qe7 13. O-O a6 14. Nxd6 Qxd6
15. b4 Bg4 16. Qc2 Bxf3 17. Bxf3 Ne7 18. a4 Nc6 19. b5 axb5 20. axb5 Ne7 21.
Rfc1 c6 22. Be2 g6 23. g3 Kg7 24. Qb2 Qd7 25. Qb4 h5 26. Qc5 h4 27. Ra7 Rxa7 28.
Qxa7 Qe6 29. Qxb7 cxb5 30. Qxb5 Nf5 31. Qc6 Qe4 32. Qc2 Qe6 33. Bf3 hxg3 34.
hxg3 Nd6 35. Qc6 Ne4 36. Qxe6 fxe6 37. Bxe4 dxe4 38. Rc5 Kf6 39. Re5 g5 40. Rxe4
Ra8 41. Kg2 Ra2 42. g4 Rb2 43. Re5 Rc2 44. Rc5 Rd2 45. Kf3 Rd3 46. Ke4 Rd1 47.
f3 Re1 48. Rc6 Kf7 49. Ra6 Re2 50. Ra3 Rb2 51. Ra6 Re2 52. Ra3 Rb2 53. Rd3 Rb4
54. f4 gxf4 55. exf4 Rb1 56. d5 Re1+ 57. Kf3 e5 58. fxe5 Rxe5 59. d6 Ke8 60. d7+
Kd8 61. Kf4 Ra5 62. g5 Ra1 63. Kf5 Rf1+ 64. Kg6 Rf2 65. Kg7 Rf1 66. g6 Rf2 67.
Kg8 Rg2 68. g7 Rh2 69. Rd4 Rh1 70. Kf7 Rf1+ 71. Kg6 Rg1+ 72. Kf6 Rg2 73. Rd5 1-0

[Event "TCh-RUS Blitz 2015"]
[Site "Sochi RUS"]
[Date "2015.05.10"]
[Round "7.16"]
[White "Brodsky, Michail"]
[Black "Khismatullin, Denis"]
[Result "0-1"]
[WhiteTitle "GM"]
[BlackTitle "GM"]
[WhiteElo "2555"]
[BlackElo "2666"]
[WhiteTeam "Lada (Samara region)"]
[BlackTeam "Malachite (Sverdlovsk region)"]
[WhiteFideId "14100932"]
[BlackFideId "4142578"]
[EventDate "2015.05.10"]

1. d4 Nf6 2. c4 e6 3. Nf3 d5 4. Nc3 Nbd7 5. Bg5 c6 6. cxd5 exd5 7. e3 h6 8. Bh4
g5 9. Bg3 Nh5 10. Bd3 Nxg3 11. hxg3 Bg7 12. Qc2 Nb6 13. O-O-O Be6 14. Kb1 Qe7
15. Ne5 O-O-O 16. f4 Kb8 17. Na4 Nxa4 18. Qxa4 Rhe8 19. Rc1 Rc8 20. Rhe1 f6 21.
Nf3 Bf8 22. a3 Qg7 23. f5 Bg8 24. Nd2 Qc7 25. Nf1 h5 26. Rc3 Bd6 27. Rb3 Ka8 28.
Rc1 Bh7 29. Ka1 Qd7 30. Rbc3 Bxf5 31. Qc2 Bxd3 32. Qxd3 Re4 33. Nd2 Rg4 34. Qg6
Rxg3 35. Qxf6 Rxg2 36. Nb3 Qe7 37. Qg6 Bxa3 38. R3c2 Rxc2 39. Rxc2 Bd6 40. Qxh5
Qxe3 41. Ka2 a6 42. Qg4 Rd8 43. Re2 Qd3 44. Qxg5 Rf8 45. Re6 Bb4 46. Qe5 Qb5 47.
Nc1 Ka7 48. Re8 Rxe8 49. Qxe8 Qc4+ 50. Nb3 a5 0-1

[Event "TCh-RUS Blitz 2015"]
[Site "Sochi RUS"]
[Date "2015.05.10"]
[Round "7.18"]
[White "Ivanov, Alexander Al."]
[Black "Goganov, Aleksey"]
[Result "0-1"]
[WhiteTitle "GM"]
[BlackTitle "GM"]
[WhiteElo "2420"]
[BlackElo "2609"]
[WhiteTeam "HQ Rakita - NIU BSU (Belgorod)"]
[BlackTeam "Polytechnic (Nizhny Tagil)"]
[WhiteFideId "4126360"]
[BlackFideId "24109959"]
[EventDate "2015.05.10"]

1. e4 d6 2. Nc3 Nf6 3. f4 c5 4. Nf3 g6 5. g3 Bg7 6. Bg2 O-O 7. O-O Nc6 8. d3 Rb8
9. h3 b5 10. g4 b4 11. Nd5 Nd7 12. g5 e6 13. Ne3 f5 14. exf5 exf5 15. Nh4 Ne7
16. Nd5 Bb7 17. Nxe7+ Qxe7 18. Re1 Qf7 19. Bxb7 Rxb7 20. Qf3 Nb6 21. a3 Qd5 0-1

[Event "TCh-RUS Blitz 2015"]
[Site "Sochi RUS"]
[Date "2015.05.10"]
[Round "7.19"]
[White "Pogromsky, Mikhail"]
[Black "Khoroshilov, Nikita"]
[Result "1-0"]
[WhiteTitle "IM"]
[WhiteElo "2428"]
[BlackElo "2274"]
[WhiteTeam "Polytechnic (Nizhny Tagil)"]
[BlackTeam "HQ Rakita - NIU BSU (Belgorod)"]
[WhiteFideId "4184688"]
[BlackFideId "24145122"]
[EventDate "2015.05.10"]

1. Nf3 Nf6 2. c4 g6 3. Nc3 Bg7 4. d4 d6 5. h3 O-O 6. Bg5 Na6 7. e3 c5 8. d5 Nc7
9. Be2 e6 10. O-O e5 11. a3 h6 12. Bh4 Re8 13. e4 g5 14. Bg3 Nh5 15. Bh2 Nf4 16.
b4 b6 17. bxc5 bxc5 18. Re1 g4 19. hxg4 Bxg4 20. Bg3 Nxe2+ 21. Qxe2 f5 22. exf5
e4 23. Nxe4 Bxf5 24. Nfd2 Bxa1 25. Rxa1 Qe7 26. Re1 Rad8 27. Qh5 Qh7 28. Nf6+ 1-0

[Event "TCh-RUS Blitz 2015"]
[Site "Sochi RUS"]
[Date "2015.05.10"]
[Round "7.20"]
[White "Ananikian, Andrey"]
[Black "Vokarev, Sergey"]
[Result "0-1"]
[BlackTitle "GM"]
[WhiteElo "2118"]
[BlackElo "2456"]
[WhiteTeam "HQ Rakita - NIU BSU (Belgorod)"]
[BlackTeam "Polytechnic (Nizhny Tagil)"]
[WhiteFideId "4197623"]
[BlackFideId "4119711"]
[EventDate "2015.05.10"]

1. d4 Nf6 2. Bf4 e6 3. e3 c5 4. c3 Nc6 5. Nf3 Be7 6. Bd3 O-O 7. h3 b6 8. O-O Bb7
9. Nbd2 Rc8 10. Rc1 Re8 11. Qe2 d6 12. Ba6 Qd7 13. Bxb7 Qxb7 14. a4 h6 15. Rfe1
Bf8 16. Bh2 cxd4 17. cxd4 a6 18. Nc4 Red8 19. Red1 b5 20. axb5 Qxb5 21. Kf1 Rb8
22. Rd2 Ne4 23. Rdc2 Nb4 24. Na3 Qxe2+ 25. Rxe2 Nd3 26. Rcc2 Rb7 27. Ne1 Nb4 28.
Rc1 d5 29. f3 Nd6 30. Bxd6 Bxd6 31. Kf2 Kf8 32. g4 Ke7 33. h4 Rdb8 34. f4 Kd7
35. Kf3 Na2 36. Rcc2 Nb4 37. Rc1 g6 38. Nb1 h5 39. g5 Nc6 40. Rcc2 Na5 41. Nc3
Nc4 42. Nd3 a5 43. Na4 Ke7 44. Nac5 Bxc5 45. dxc5 Rb3 46. Ne5 Nxe5+ 47. fxe5 Kd7
48. c6+ Kc7 49. Kg2 R8b6 50. Rf2 Rxc6 51. Rxf7+ Kb6 52. Rxc6+ Kxc6 53. Rf6 Rxb2+
54. Kf3 a4 55. Rxe6+ Kb5 56. Rxg6 a3 57. Rg8 Rb4 58. Rb8+ Ka4 59. Ra8+ Kb3 60.
Rxa3+ Kxa3 0-1

[Event "TCh-RUS Blitz 2015"]
[Site "Sochi RUS"]
[Date "2015.05.10"]
[Round "7.21"]
[White "Demidov, Mikhail"]
[Black "Reshetnikov, Alexey"]
[Result "1-0"]
[WhiteTitle "IM"]
[BlackTitle "IM"]
[WhiteElo "2513"]
[BlackElo "2498"]
[WhiteTeam "Boavista (Moscow)"]
[BlackTeam "Our heritage junior (Moscow)"]
[WhiteFideId "4197143"]
[BlackFideId "4162080"]
[EventDate "2015.05.10"]

1. d4 d5 2. Nf3 Nf6 3. Bf4 c5 4. dxc5 Nc6 5. c3 a5 6. Na3 Nh5 7. Be3 e5 8. Nb5
Be7 9. Qxd5 O-O 10. Qxd8 Rxd8 11. g3 Be6 12. Nc7 Rac8 13. Nxe6 fxe6 14. Bh3 Kf7
15. O-O Rd5 16. Rfd1 Rcd8 17. Rxd5 Rxd5 18. Bg2 h6 19. Nd2 Rd8 20. Nc4 Kf6 21.
Bf3 g6 22. h4 Ng7 23. Bxh6 Nf5 24. Bg5+ Kf7 25. Bxc6 Bxg5 26. Bxb7 1-0

[Event "TCh-RUS Blitz 2015"]
[Site "Sochi RUS"]
[Date "2015.05.10"]
[Round "7.22"]
[White "Vavulin, Maksim"]
[Black "Vastrukhin, Oleg"]
[Result "1/2-1/2"]
[WhiteTitle "IM"]
[WhiteElo "2442"]
[BlackElo "2389"]
[WhiteTeam "Our heritage junior (Moscow)"]
[BlackTeam "Boavista (Moscow)"]
[WhiteFideId "4169530"]
[BlackFideId "4192770"]
[EventDate "2015.05.10"]

1. e4 g6 2. d4 c6 3. Nc3 Bg7 4. Nf3 d5 5. h3 dxe4 6. Nxe4 Nf6 7. Nxf6+ exf6 8.
Bc4 O-O 9. O-O Nd7 10. Bb3 Nb6 11. Bf4 a5 12. a3 a4 13. Ba2 Nd5 14. Bg3 Be6 15.
Qd2 Re8 16. Rfe1 h5 17. Rad1 b5 18. c3 Qd7 19. Bb1 Nb6 20. Bc2 Nc4 21. Qc1 Kh7
22. Bf4 Bd5 23. Nd2 Nxd2 24. Qxd2 Rxe1+ 25. Rxe1 Re8 26. Qd1 Kg8 27. f3 Re6 28.
Kf2 Qe7 29. Rxe6 Qxe6 30. h4 f5 31. Qe2 Bf6 32. g3 Kf8 33. Qxe6 fxe6 34. Ke3 Kf7
35. Bd6 g5 36. hxg5 Bxg5+ 37. f4 Bf6 38. Bc7 h4 39. gxh4 Bxh4 40. Be5 Kg6 41.
Bd1 Bg3 42. Bd6 Be4 43. Be2 Kf7 44. Be5 Ke7 45. Bd1 Kd7 46. Be2 Bh4 47. Bd1 Be7
48. Be2 Kc8 49. Bd1 Kb7 50. Bh5 Bd5 51. Bf7 Kc8 52. Bh5 Kd7 53. Be2 Bh4 54. Bd1
Bc4 55. Bf3 Be1 56. Bh5 Bh4 57. Bf3 Be7 58. Bd1 Bf8 1/2-1/2

[Event "TCh-RUS Blitz 2015"]
[Site "Sochi RUS"]
[Date "2015.05.10"]
[Round "7.23"]
[White "Pasiev, Rakhim"]
[Black "Savenkov, Konstantin"]
[Result "1-0"]
[WhiteTitle "IM"]
[BlackTitle "FM"]
[WhiteElo "2384"]
[BlackElo "2320"]
[WhiteTeam "Boavista (Moscow)"]
[BlackTeam "Our heritage junior (Moscow)"]
[WhiteFideId "24122475"]
[BlackFideId "4138600"]
[EventDate "2015.05.10"]

1. e4 e5 2. Nf3 Nc6 3. Bc4 Nf6 4. Ng5 d5 5. exd5 Na5 6. Bb5+ c6 7. dxc6 bxc6 8.
Qf3 Be7 9. Bd3 O-O 10. O-O c5 11. Qxa8 c4 12. Be2 Qd4 13. Nf3 Qc5 14. b4 cxb3
15. Ba3 Qc7 16. Bxe7 b2 17. Bxf6 bxa1=Q 18. Bxe5 Qaxe5 19. Nxe5 Qxe5 20. Nc3 Qd4
21. Qd5 Qxd5 22. Nxd5 Be6 23. Nf4 Bf5 24. c3 Rb8 25. Bd3 Bd7 26. Rb1 Rd8 27. Bf1
g5 28. Nd5 Kg7 1-0

[Event "TCh-RUS Blitz 2015"]
[Site "Sochi RUS"]
[Date "2015.05.10"]
[Round "7.24"]
[White "Shuvalova, Polina"]
[Black "Denishev, Marat"]
[Result "1-0"]
[WhiteTitle "WFM"]
[WhiteElo "2212"]
[BlackElo "2275"]
[WhiteTeam "Our heritage junior (Moscow)"]
[BlackTeam "Boavista (Moscow)"]
[WhiteFideId "24171760"]
[BlackFideId "24131563"]
[EventDate "2015.05.10"]

1. e4 c6 2. d4 d5 3. e5 c5 4. dxc5 Nc6 5. Nf3 Bg4 6. c3 e6 7. Be3 Nge7 8. Bb5 a6
9. Ba4 Ng6 10. Bd4 Bxf3 11. Qxf3 Be7 12. O-O O-O 13. Qe3 Rc8 14. Nd2 Qc7 15. f4
Qa5 16. Bc2 Qc7 17. Kh1 Rfe8 18. a3 Na7 19. b4 a5 20. g4 Bf8 21. Nf3 Nc6 22. h4
f6 23. h5 fxe5 24. fxe5 Nge7 25. Qd3 g6 26. Ng5 Qd7 27. Rf6 Nd8 28. Nxh7 Kxh7
29. hxg6+ Kg8 30. Qh3 Nf5 31. Rf7 Re7 32. Qh7# 1-0

[Event "TCh-RUS Blitz 2015"]
[Site "Sochi RUS"]
[Date "2015.05.10"]
[Round "7.25"]
[White "Potapov, Pavel"]
[Black "Balashov, Yuri S"]
[Result "1-0"]
[WhiteTitle "IM"]
[BlackTitle "GM"]
[WhiteElo "2477"]
[BlackElo "2443"]
[WhiteTeam "Yamal (YaNAO)"]
[BlackTeam "Our Heritage veterans (Moscow)"]
[WhiteFideId "4169786"]
[BlackFideId "4100263"]
[EventDate "2015.05.10"]

1. e4 c5 2. c3 e6 3. d4 d5 4. exd5 exd5 5. Nf3 Nf6 6. Be2 Nc6 7. O-O Be7 8. h3
O-O 9. dxc5 Bxc5 10. Nbd2 a6 11. Nb3 Bb6 12. Bg5 Re8 13. Bd3 h6 14. Bh4 Qd6 15.
Kh1 Ne4 16. Bxe4 Rxe4 17. Bg3 Qd8 18. Nfd2 Re8 19. Qf3 Qg5 20. Rad1 Be6 21. Rfe1
Rad8 22. Nf1 Qg6 23. Ne3 d4 24. Nxd4 Nxd4 25. cxd4 Rxd4 26. Rxd4 Bxd4 27. Qxb7
Bxe3 28. Rxe3 Qb1+ 29. Kh2 Qxa2 30. Be5 Qd5 31. Qxa6 Bc8 32. Qe2 Bb7 33. f3 f6
34. Bg3 Rxe3 35. Qxe3 Kf7 36. b4 Bc6 37. h4 h5 38. Qa7+ Kg6 39. Qe7 Qd7 40. Qxd7
Bxd7 41. Bd6 Kf5 42. Kg3 g6 43. Kf2 Bb5 44. Be7 Ke6 45. Bd8 Kf5 46. Ke3 Bf1 47.
g3 Ke5 48. Bc7+ Kd5 49. Kf4 Bb5 50. Bd8 Ke6 51. Ke4 Bc6+ 52. Ke3 Bb5 53. Kd4 Bc6
54. f4 Bh1 55. Kc5 Bg2 56. b5 Bh1 57. Kb6 f5 58. Kc7 Kd5 59. b6 Kd4 60. b7 Bxb7
61. Kxb7 Ke3 62. Bg5 Kf3 63. Kc6 1-0

[Event "TCh-RUS Blitz 2015"]
[Site "Sochi RUS"]
[Date "2015.05.10"]
[Round "7.26"]
[White "Dragomarezkij, Evgeni"]
[Black "Belyakov, Bogdan"]
[Result "0-1"]
[WhiteTitle "IM"]
[BlackTitle "IM"]
[WhiteElo "2393"]
[BlackElo "2478"]
[WhiteTeam "Our Heritage veterans (Moscow)"]
[BlackTeam "Yamal (YaNAO)"]
[WhiteFideId "4101944"]
[BlackFideId "24104795"]
[EventDate "2015.05.10"]

1. c4 Nf6 2. Nc3 g6 3. e4 d6 4. d4 Bg7 5. f3 O-O 6. Be3 Nc6 7. Nge2 a6 8. Qd2
Na5 9. Ng3 b5 10. cxb5 axb5 11. Rc1 c6 12. b4 Nc4 13. Bxc4 bxc4 14. a4 d5 15. e5
Ne8 16. O-O Nc7 17. Rb1 h5 18. Bh6 h4 19. Bxg7 Kxg7 20. Nge2 Bf5 21. Rb2 Ne6 22.
Nf4 Nxf4 23. Qxf4 e6 24. h3 Qe7 25. a5 Rfb8 26. Na2 Rxa5 27. Qd2 Ra3 28. Rc1 Rd3
29. Qf2 Qa7 30. Qxh4 Qxd4+ 31. Qxd4 Rxd4 32. g4 Bd3 33. Kf2 f6 34. Re1 g5 35.
Nc3 Bg6 36. b5 Rd3 37. exf6+ Kxf6 38. Rc1 d4 39. Na4 c3 40. Rb4 Rxb5 41. Rc4
Rd2+ 42. Kg3 c2 43. Rxc6 Rb1 0-1

[Event "TCh-RUS Blitz 2015"]
[Site "Sochi RUS"]
[Date "2015.05.10"]
[Round "7.27"]
[White "Goryachkina, Aleksandra"]
[Black "Kremenietsky, Anatoly M."]
[Result "1/2-1/2"]
[WhiteTitle "WGM"]
[BlackTitle "IM"]
[WhiteElo "2474"]
[BlackElo "2316"]
[WhiteTeam "Yamal (YaNAO)"]
[BlackTeam "Our Heritage veterans (Moscow)"]
[WhiteFideId "4147103"]
[BlackFideId "4103467"]
[EventDate "2015.05.10"]

1. Nf3 f5 2. g3 Nf6 3. Bg2 g6 4. O-O Bg7 5. d4 O-O 6. c4 d6 7. Nc3 Qe8 8. Nd5
Nxd5 9. cxd5 Qb5 10. Ng5 h6 11. Ne6 Bxe6 12. dxe6 c6 13. a4 Qc4 14. d5 c5 15.
Bd2 Na6 16. Rc1 Qd4 17. e3 Qd3 18. Bc3 Qxd1 19. Rfxd1 Nc7 20. Be1 Rab8 21. b4
Na6 22. b5 Nc7 23. Bf1 Ne8 24. Bc4 Nf6 25. f3 g5 26. Kg2 g4 27. Bc3 gxf3+ 28.
Kxf3 Ne4 29. Bxg7 Kxg7 30. Bd3 Ng5+ 31. Kg2 Rf6 32. Rf1 Rbf8 33. Rf4 Ne4 34. Rc4
Nd2 35. Rc2 Ne4 36. Rc4 Nd2 37. Rc2 Ne4 38. Rc4 Nd2 39. Rc2 Ne4 1/2-1/2

[Event "TCh-RUS Blitz 2015"]
[Site "Sochi RUS"]
[Date "2015.05.10"]
[Round "7.28"]
[White "Melnik, Viktor"]
[Black "Sergeyev, Alexander"]
[Result "0-1"]
[BlackTitle "FM"]
[WhiteElo "2141"]
[BlackElo "2380"]
[WhiteTeam "Our Heritage veterans (Moscow)"]
[BlackTeam "Yamal (YaNAO)"]
[WhiteFideId "4189205"]
[BlackFideId "13702076"]
[EventDate "2015.05.10"]

1. e4 e5 2. Nf3 Nf6 3. Nxe5 d6 4. Nf3 Nxe4 5. d4 d5 6. Bd3 Be7 7. O-O Nc6 8. c4
Nf6 9. h3 Be6 10. cxd5 Nxd5 11. Nc3 O-O 12. a3 Re8 13. Qc2 g6 14. Bd2 Nb6 15.
Be3 Bc4 16. Rad1 Bxd3 17. Qxd3 Nd5 18. Nxd5 Qxd5 19. Bf4 Bd6 20. Bxd6 cxd6 21.
Rfe1 Kg7 22. Qc3 a6 23. b4 Rac8 24. Qd2 b5 25. Qf4 h6 26. Rc1 Rxe1+ 27. Rxe1 Rc7
28. Qe4 Qxe4 29. Rxe4 Ne7 30. Re3 Nd5 31. Re1 Kf6 32. g3 Rc3 33. Nd2 Rxa3 34.
Ne4+ Kg7 35. Nxd6 Rd3 36. Re4 f5 37. Re6 Rxd4 38. Nb7 Nxb4 39. Rb6 Rc4 40. Nd6
Rc6 41. Rb7+ Kf6 42. Ne8+ Ke5 43. f4+ Kd4 44. Nc7 Kc4 45. Na8 a5 46. Nb6+ Kb3
47. Nd7 a4 48. Ne5 Rc2 49. Rxb5 a3 50. Nc6 Rc4 51. Nxb4 Rxb4 52. Ra5 a2 0-1

[Event "TCh-RUS Blitz 2015"]
[Site "Sochi RUS"]
[Date "2015.05.10"]
[Round "7.29"]
[White "Ponomarenko, Alexandr"]
[Black "Zvjaginsev, Vadim"]
[Result "0-1"]
[WhiteTitle "IM"]
[BlackTitle "GM"]
[WhiteElo "2234"]
[BlackElo "2660"]
[WhiteTeam "Law Faculty of Moscow State University (Moscow)"]
[BlackTeam "SHSM-Our Heritage-2 (Moscow)"]
[WhiteFideId "14122456"]
[BlackFideId "4113403"]
[EventDate "2015.05.10"]

1. e4 c5 2. Nf3 g6 3. d4 cxd4 4. Nxd4 Nc6 5. Nc3 Bg7 6. Be3 Nf6 7. Be2 O-O 8.
O-O d6 9. a4 Bd7 10. Nb3 Rc8 11. f4 Be6 12. Bf3 Bc4 13. Be2 Be6 14. Bf3 Nd7 15.
Nd4 Bc4 16. Rf2 Qa5 17. Nxc6 bxc6 18. Bd4 e5 19. fxe5 Nxe5 20. Be2 Be6 21. Qd2
Rb8 22. Nb1 Qc7 23. h3 c5 24. Bc3 Qc6 25. Bf3 Rbd8 26. Na3 Qxa4 27. Rff1 Qc6 28.
b3 Rd7 29. Rae1 a6 30. Nb1 h5 31. Bb2 Nxf3+ 32. Rxf3 Bxb2 33. c3 Ba1 34. Qa2 Qb6
35. Qxa1 c4+ 36. Kh1 cxb3 37. Qb2 a5 38. Na3 a4 39. Rff1 Qc5 40. Rd1 Rc8 41. Rf3
Rdc7 42. Re1 Qe5 43. Ree3 h4 44. Qa1 Rc5 45. Qb2 R5c6 46. Kg1 Qc5 47. Kh1 R6c7
48. Kh2 Rd8 49. Kh1 Rcc8 50. Kh2 d5 51. exd5 Rxd5 52. Qb1 Qd6+ 53. Kg1 Rd1+ 0-1

[Event "TCh-RUS Blitz 2015"]
[Site "Sochi RUS"]
[Date "2015.05.10"]
[Round "7.30"]
[White "Inarkiev, Ernesto"]
[Black "Tereshechkina, Maya"]
[Result "1-0"]
[WhiteTitle "GM"]
[BlackTitle "WFM"]
[WhiteElo "2664"]
[BlackElo "2068"]
[WhiteTeam "SHSM-Our Heritage-2 (Moscow)"]
[BlackTeam "Law Faculty of Moscow State University (Moscow)"]
[WhiteFideId "4162722"]
[BlackFideId "4194578"]
[EventDate "2015.05.10"]

1. d4 Nf6 2. c4 e6 3. Nf3 c5 4. d5 exd5 5. cxd5 Bd6 6. Nc3 O-O 7. Bg5 h6 8. Bh4
Re8 9. e3 Qb6 10. Bxf6 gxf6 11. Qc2 Be5 12. Be2 d6 13. O-O Na6 14. a3 Nc7 15.
Rad1 Kh8 16. Nd2 Bxc3 17. Nc4 Qa6 18. Qxc3 Kg7 19. a4 Rb8 20. Rfe1 b5 21. axb5
Nxb5 22. Qd3 Bd7 23. h3 Qb7 24. Bg4 Bxg4 25. hxg4 Qd7 26. f3 Nc7 27. e4 Re7 28.
Ne3 Re5 29. f4 Ree8 30. Nf5+ Kg6 31. Qh3 Rh8 32. Qh5+ 1-0

[Event "TCh-RUS Blitz 2015"]
[Site "Sochi RUS"]
[Date "2015.05.10"]
[Round "7.31"]
[White "Dulenko, Maxim"]
[Black "Popov, Ivan RUS"]
[Result "0-1"]
[BlackTitle "GM"]
[WhiteElo "2140"]
[BlackElo "2648"]
[WhiteTeam "Law Faculty of Moscow State University (Moscow)"]
[BlackTeam "SHSM-Our Heritage-2 (Moscow)"]
[WhiteFideId "4121899"]
[BlackFideId "4170350"]
[EventDate "2015.05.10"]

1. e4 c6 2. Nf3 d5 3. exd5 cxd5 4. d4 Nc6 5. Ne5 Nf6 6. c3 a6 7. Bd3 Nxe5 8.
dxe5 Ng4 9. Qe2 Qc7 10. f4 h5 11. Nd2 e6 12. h3 Nh6 13. Nf3 g6 14. O-O Nf5 15.
Bxf5 gxf5 16. h4 Bd7 17. Nd4 Be7 18. Qf2 Rg8 19. Kh2 Rg4 20. g3 O-O-O 21. Be3
Rdg8 22. Rg1 Qd8 23. Nf3 Bb5 24. Rad1 Qa5 25. Nd4 Bd7 26. Ra1 Kb8 27. Nf3 Qa4
28. Ng5 Bxg5 29. fxg5 Ka8 30. Bf4 Rc8 31. Rgd1 Rc4 32. Rd4 Qb5 33. Rxc4 Qxc4 34.
a3 d4 35. Rd1 0-1

[Event "TCh-RUS Blitz 2015"]
[Site "Sochi RUS"]
[Date "2015.05.10"]
[Round "7.32"]
[White "Potkin, Vladimir"]
[Black "Kayukov, Kirill"]
[Result "1/2-1/2"]
[WhiteTitle "GM"]
[WhiteElo "2599"]
[BlackElo "2071"]
[WhiteTeam "SHSM-Our Heritage-2 (Moscow)"]
[BlackTeam "Law Faculty of Moscow State University (Moscow)"]
[WhiteFideId "4131061"]
[BlackFideId "4107837"]
[EventDate "2015.05.10"]

1. e4 e6 2. d4 d5 3. Nd2 Nf6 4. e5 Nfd7 5. Bd3 c5 6. c3 Nc6 7. Ne2 cxd4 8. cxd4
f6 9. exf6 Nxf6 10. Nf3 Bd6 11. O-O O-O 12. Bg5 Qc7 13. Bh4 e5 14. dxe5 Nxe5 15.
Nxe5 Bxe5 16. Bg3 Bg4 17. f3 Bh5 18. Kh1 Rae8 19. Qb3 Bf7 20. Rac1 Qd6 21. Bxe5
Qxe5 22. Qb4 b6 23. Qd4 Qe3 24. Rfd1 Nd7 25. Bb5 Re7 26. Qxe3 Rxe3 27. Nd4 Nc5
28. Kg1 a5 29. Re1 Rxe1+ 30. Rxe1 Bg6 31. Re7 Rf4 32. Nc6 Kf8 33. Rc7 Bd3 34.
Bxd3 Nxd3 35. Rb7 Nxb2 36. Rxb6 Nc4 37. Rb5 Rf6 38. Nxa5 Ne3 39. Nb3 Rg6 40. g3
Ra6 41. Ra5 Rc6 42. Kf2 Nc4 43. Rxd5 Ra6 44. Nc1 Rb6 45. f4 Rb1 46. Nd3 Ra1 47.
Rd4 Rxa2+ 48. Kf3 Nb6 49. h4 Ke7 50. Ne5 Ra3+ 51. Kg4 Re3 52. h5 Nc8 53. Rd7+
Ke6 54. Rxg7 Nd6 55. Rxh7 Ne4 56. h6 Nf6+ 57. Kg5 Nxh7+ 58. Kg6 Nf8+ 59. Kg7 Ke7
60. g4 Ne6+ 61. Kg8 Nxf4 62. h7 Rh3 63. h8=Q Rxh8+ 64. Kxh8 Kf6 65. Nf3 Nd3 66.
Kh7 Nf4 67. g5+ Kf5 68. Kh6 Ke6 69. Nh4 Kf7 70. Nf5 Ke6 71. Ne3 Kf7 72. Ng4 Ke6
73. Nf2 Kf7 74. Ne4 Ke6 75. Ng3 Kf7 76. Nh5 Nxh5 1/2-1/2

[Event "TCh-RUS Blitz 2015"]
[Site "Sochi RUS"]
[Date "2015.05.10"]
[Round "7.33"]
[White "Skomorokhin, Roman"]
[Black "Smirnov, Alexey"]
[Result "0-1"]
[WhiteTitle "IM"]
[WhiteElo "2381"]
[BlackElo "2453"]
[WhiteTeam "SK Volga (Kstovo)"]
[BlackTeam "BOC Russian Federation (Smolensk region)"]
[WhiteFideId "4112610"]
[BlackFideId "4168437"]
[EventDate "2015.05.10"]

1. d4 Nf6 2. Bf4 e6 3. e3 d5 4. Nd2 c5 5. c3 Nc6 6. Ngf3 Bd6 7. Bg3 O-O 8. Bd3
b6 9. Ne5 Bb7 10. f4 c4 11. Bc2 Ne7 12. Bf2 b5 13. O-O a5 14. Qf3 Qc7 15. g4 b4
16. g5 Ne8 17. Qh3 g6 18. Kh1 Nf5 19. Kg2 a4 20. a3 bxa3 21. bxa3 Qe7 22. Qg4
Neg7 23. h4 Bxa3 24. Rab1 Bd6 25. Rh1 Nh5 26. Qf3 Bxe5 27. fxe5 Ra7 28. Qh3 a3
29. Bd1 Nfg7 30. Nf1 a2 31. Ra1 Bc6 32. Ng3 Nxg3 33. Qxg3 Ba4 34. Be2 Bc2 35. h5
Nxh5 36. Bxh5 gxh5 37. Rxh5 Bg6 38. Rhh1 Rb8 39. Qh4 Rb1 40. Qh6 Be4+ 41. Kg3
Rxh1 42. Rxh1 a1=Q 43. Rxa1 Rxa1 0-1

[Event "TCh-RUS Blitz 2015"]
[Site "Sochi RUS"]
[Date "2015.05.10"]
[Round "7.35"]
[White "Talanin, Andrei"]
[Black "Draganov, Ruslan"]
[Result "1-0"]
[BlackTitle "FM"]
[WhiteElo "2279"]
[BlackElo "2195"]
[WhiteTeam "SK Volga (Kstovo)"]
[BlackTeam "BOC Russian Federation (Smolensk region)"]
[WhiteFideId "4117387"]
[BlackFideId "4108736"]
[EventDate "2015.05.10"]

1. d4 Nf6 2. Nf3 d5 3. c4 c6 4. g3 e6 5. Bg2 dxc4 6. Ne5 Bb4+ 7. Bd2 Qxd4 8.
Bxb4 Qxe5 9. Ba3 c5 10. Qa4+ Bd7 11. Qxc4 Nc6 12. Qxc5 Qxc5 13. Bxc5 O-O-O 14.
O-O b6 15. Ba3 Nd5 16. b3 Kb7 17. Bb2 f6 18. Nd2 Rc8 19. Ne4 Rc7 20. Rad1 Ndb4
21. a3 Nd5 22. Nd6+ Kb8 23. h4 Na5 24. b4 Nc4 25. Nxc4 Rxc4 26. e4 Rc2 27. Ba1
Bb5 28. exd5 Bxf1 29. Bxf1 exd5 30. Rxd5 Rc1 31. Bd4 Re8 32. Kg2 Ree1 33. Ba6
Rg1+ 34. Kf3 Kc7 35. Be3 Rc3 36. Ke2 Rxa3 37. Bf4+ Kc6 38. Rd6+ Kc7 39. Rd3+ Kc6
40. Rxa3 1-0